Geography Quiz

Random Geography or State Quiz

Blitz: US State Capitals by Any 3 Letters Quiz Stats

 Plays Quiz Updated Nov 30, 2018

Support Sporcle.
Go Orange.
Score 0/50 Timer 02:00
5 Plays Today
% Correct
Sacramento
90.4%
Austin
88.8%
Salt Lake City
88%
Tallahassee
84.7%
Oklahoma City
84.1%
Atlanta
82.8%
Charleston
82.6%
Albany
81.8%
Carson City
81.1%
Salem
80.8%
Lincoln
80.6%
Baton Rouge
79.2%
Providence
78.9%
Phoenix
78.5%
Richmond
77.1%
Denver
77%
Boise
76.9%
Columbus
75.7%
Santa Fe
75.6%
Columbia
75.5%
Boston
75.1%
Jefferson City
73.9%
Indianapolis
73.2%
Montpelier
72.6%
Montgomery
72.1%
% Correct
Olympia
71.9%
Springfield
72%
Lansing
71.6%
Trenton
71.3%
Helena
71.3%
St. Paul
70.4%
Nashville
70%
Jackson
68.7%
Harrisburg
68.3%
Hartford
68.1%
Madison
67.2%
Bismarck
66.9%
Little Rock
66.7%
Pierre
66.3%
Augusta
64.8%
Cheyenne
64.7%
Raleigh
64.5%
Honolulu
64.1%
Des Moines
62.1%
Juneau
61%
Frankfort
60.9%
Topeka
59.5%
Annapolis
58.9%
Dover
57.4%
Concord
51.6%

You're not logged in!

Compare scores with friends on all Sporcle quizzes.
OR
Log In
Forgot?

From the Vault

Movie Character Cosplay

by daisynet911

Movies 10m
Why watch your favorite characters when you could become them?
Remove Ads.
Support Sporcle.
Get the best of Sporcle when you Go Orange. This ad-free experience offers more features, more stats, and more fun while also helping to support Sporcle. Thank you for becoming a member.

Show Comments

Extras

Top Quizzes Today


Score Distribution

Your Account Isn't Verified!

In order to create a playlist on Sporcle, you need to verify the email address you used during registration. Go to your Sporcle Settings to finish the process.

Report this User

Report this user for behavior that violates our Community Guidelines.

Details: